| 000 | 00642nam a2200253 a 4500 | ||
|---|---|---|---|
| 001 | adlib96000001 | ||
| 003 | ViArRB | ||
| 005 | 200902210153555.7 | ||
| 008 | 960221s1955 dcuabcdjdbkoqu001 0deng d | ||
| 020 | _a81-7371-120-8 | ||
| 022 | _a | ||
| 040 | _aAdlib | ||
| 082 | _a515.126.4 | ||
| 245 | _aFixed Points | ||
| 250 | _a | ||
| 260 |
_aHydrabad _bUniversities Press _c1991 |
||
| 300 |
_aviii, 77p _c |
||
| 500 | _a | ||
| 100 |
_aShashkin, Yu A _e |
||
| 700 |
_a _a |
||
| 942 | _cBK | ||
| 653 | _aFIXED POINTS | ||
| 952 |
_w2010-06-16 _p00044557 _r2010-06-16 _40 _00 _bUL _10 _o515.126.4 SHA _d2010-06-16 _70 _yBK _aUL |
||
| 999 |
_c38955 _d38954 |
||